Ku zhime kun : (Registro nro. 4588)

Detalles MARC
000 -LEADER
fixed length control field 01197nam a2200277Ia 4500
003 - CONTROL NUMBER IDENTIFIER
control field OSt
005 - DATE AND TIME OF LATEST TRANSACTION
control field 20200901124810.0
008 - FIXED-LENGTH DATA ELEMENTS--GENERAL INFORMATION
fixed length control field 191128s2015 ck ado gr 000 0 spa d
020 ## - INTERNATIONAL STANDARD BOOK NUMBER
International Standard Book Number 9789586441841
040 ## - CATALOGING SOURCE
Original cataloging agency CO-JMCR
Transcribing agency CO-JMCR
041 0# - LANGUAGE CODE
Language code of text/sound track or separate title spa
082 04 - DEWEY DECIMAL CLASSIFICATION NUMBER
Classification number 371.82909861 /
Item number N682k
Edition number 23
100 1# - MAIN ENTRY--PERSONAL NAME
Personal name Nievas, Carlos Enrique,
Relator term autor
9 (RLIN) 9575
245 #0 - TITLE STATEMENT
Title Ku zhime kun :
Remainder of title integración del pensamiento wiwa en la escuela /
Statement of responsibility, etc. Carlos Enrique Nieves, Pepe Pinto Barros, Cindy Paola Pinto, Wilmer Javier Fragozo, [Y otros 9]
260 ## - PUBLICATION, DISTRIBUTION, ETC.
Place of publication, distribution, etc. Bogotá :
Name of publisher, distributor, etc. Cinep,
Date of publication, distribution, etc. 2015.
300 ## - PHYSICAL DESCRIPTION
Extent 172 páginas :
Other physical details ilustraciones, fotogafías a color y blanco y negro ;
Dimensions 21x21 cm.
490 0# - SERIES STATEMENT
Series statement Programa por la paz
505 0# - FORMATTED CONTENTS NOTE
Formatted contents note El cuidado del ser Wiwa -- La producción de alimentos -- Los recursos del territorio -- La contaminación -- El Maguey y el tejido -- La cultrura Wiwa en la comunidad de Tezhumke
546 ## - LANGUAGE NOTE
Language note spa
650 24 - SUBJECT ADDED ENTRY--TOPICAL TERM
Topical term or geographic name entry element Educación indígena
Geographic subdivision Colombia
9 (RLIN) 9576
650 24 - SUBJECT ADDED ENTRY--TOPICAL TERM
Topical term or geographic name entry element Indigenas de Colombia
General subdivision Educación
9 (RLIN) 9577
700 1# - ADDED ENTRY--PERSONAL NAME
Personal name Pinto Barros, Pepe,
Relator term autor
9 (RLIN) 9578
700 1# - ADDED ENTRY--PERSONAL NAME
Personal name Pinto, Cindy Paola,
Relator term autor
9 (RLIN) 9579
700 1# - ADDED ENTRY--PERSONAL NAME
Personal name Fragozo, Wilmer Javier,
Relator term autor
9 (RLIN) 9580
942 ## - ADDED ENTRY ELEMENTS (KOHA)
Source of classification or shelving scheme Dewey Decimal Classification
Koha item type Books
Existencias
Withdrawn status Lost status Source of classification or shelving scheme Materials specified (bound volume or other part) Damaged status Not for loan Home library Current library Shelving location Date acquired Coded location qualifier Total Checkouts Full call number Barcode Date last seen Date last checked out Copy number Price effective from Koha item type
    Dewey Decimal Classification Donación--15/07/2019--     Biblioteca Pública José María del Castillo y Rada Biblioteca Pública José María del Castillo y Rada General Stacks 11/28/2019 $0. 1 371.82909861 / N682k 201809592 05/16/2024 04/17/2024 Ej.1 11/28/2019 Books